Jane Austen (Record no. 37266)

MARC details
000 -LEADER
fixed length control field 00398nam a2200145Ia 4500
008 - FIXED-LENGTH DATA ELEMENTS--GENERAL INFORMATION
fixed length control field 211109s9999||||xx |||||||||||||| ||und||
082 ## - DEWEY DECIMAL CLASSIFICATION NUMBER
Classification number 823
Item number KEN-J
100 ## - MAIN ENTRY--PERSONAL NAME
Personal name Kennedy, Margaret
245 #0 - TITLE STATEMENT
Title Jane Austen
260 ## - PUBLICATION, DISTRIBUTION, ETC.
Name of publisher, distributor, etc. Arthur Barker Ltd.
Place of publication, distribution, etc. London
Date of publication, distribution, etc. 1969
300 ## - PHYSICAL DESCRIPTION
Extent 110p.
630 ## - SUBJECT ADDED ENTRY--UNIFORM TITLE
General subdivision General Stack
650 ## - SUBJECT ADDED ENTRY--TOPICAL TERM
Topical term or geographic name entry element LITERATURE
942 ## - ADDED ENTRY ELEMENTS (KOHA)
Koha item type BOOK
650 ## - SUBJECT ADDED ENTRY--TOPICAL TERM
Form subdivision ENGLISH LITERATUREENGLISH FICTIONFICTION
General subdivision English
Holdings
Withdrawn status Lost status Damaged status Not for loan Home library Current library Date acquired Cost, normal purchase price Total Checkouts Full call number Barcode Shelving location Date last seen Price effective from Koha item type
        SB LIBRARY SB LIBRARY 09/11/2021 50.00   823 KEN-J 00038675 GENERAL STACK 09/11/2021 09/11/2021 BOOK

Powered by Koha